|
|
|
|
| LEADER |
00000nam a22000007a 4500 |
| 005 |
2019081302242.0 |
| 007 |
cr|||| |||| |
| 008 |
190813s2019 co |||||s|||| 00||0 spa d |
| 020 |
|
|
|a 978-958-760-125-1
|
| 035 |
|
|
|a 23990
|
| 040 |
|
|
|a vLex
|
| 090 |
|
|
|c 9158
|d 9158
|
| 100 |
1 |
|
|a Navas-Sierra, Jess︢ Alberto
|
| 245 |
1 |
0 |
|a Tecnologa̕s disruptivas del proceso de globalizacin̤
|h [Recurso electrn̤ico] /
|c Jess︢ Alberto Navas-Sierra
|
| 256 |
|
|
|a Servicio en ln̕ea
|
| 260 |
|
|
|a Medelln̕:
|b Universidad Cooperativa de Colombia,
|c 2019
|
| 300 |
|
|
|a 1 recurso electrn̤ico
|
| 506 |
1 |
|
|a Disponible solo en los productos indicados
|d vLex Global
|d vLex Global (Academic Edition, excluding Law Schools)
|d vLex Global (U.S. Academic Edition, Law Schools)
|d vLex Global (U.S. Academic Edition, excluding Law Schools)
|d vLex Global (Academic Edition, Law Schools)
|
| 650 |
0 |
4 |
|a Derecho de las Nuevas Tecnologa̕s
|z Colombia
|
| 740 |
0 |
|
|a vLex Libros (Servicio en ln̕ea)
|
| 856 |
4 |
0 |
|u http://vlex.com/source/ecnologias-disruptivas-proceso-globalizacion-23990
|z Acceso restringido
|
| 942 |
|
|
|c BOOK
|
| 999 |
0 |
|
|a New Technologies Law
|